Tilastot visalle Sanakokkeli - Yhdysvaltojen osavaltiot

Klikkaa tästä pelataksesi tätä visaa!

Yleistilastot

  • Tätä visaa on pelattu 191 kertaa
  • Keskiarvotulos 15 / 20

Vastaustilastot

Osavaltio% Oikein
Havaiji
100%
Iowa
100%
Mississippi
100%
Nevada
100%
Tennessee
100%
Georgia
93%
Alabama
92%
Alaska
92%
Arizona
92%
Arkansas
92%
Florida
92%
Texas
92%
Illinois
91%
Ohio
91%
Utah
91%
Idaho
89%
Virginia
89%
Pennsylvania
87%
Connecticut
85%
Kansas
83%
Washington
83%
Colorado
82%
Wyoming
82%
Wisconsin
81%
Kentucky
80%
Nebraska
78%
Indiana
77%
Kalifornia
77%
Missouri
75%
Michigan
73%
Maine
71%
Delaware
67%
Oregon
67%
Louisiana
60%
Oklahoma
60%
Massachusetts
56%
Montana
56%
Vermont
46%
Maryland
44%
Minnesota
25%

Tulosjakauma

Persentiili vastausten määrän mukaan

Jokaisen tuloksen saaneiden osuus

Tuloshistoriasi

Et ole pelannut tätä visaa